Quiz ogólnogeograficzny - Statystyki

Ogólne statystyki
  • Ten quiz został rozwiązany 69 razy
  • Średni wynik to 7 z 15
Statystyki odpowiedzi
Zagadnienie Odpowiedź % Poprawnych
Kontynentem na którym nie ma żadnego państwa jest... Antarktyda
80%
Przez południk 0 stopni nie przechodzi... Holandia
80%
Które z tych państw nie jest w Unii Europejskiej? Norwegia
80%
Największa pustynia z podanych to: Sahara
80%
Państwo, które uzyskało niepodległość w XXI wieku to: Sudan Południowy
80%
Państwo z najgęstszym zaludnieniem świata to: Monako
60%
Oficjalnym językiem Belize jest... angielski
40%
Najbardziej zaludnione państwo z podanych to: Australia
40%
Dominującą religią w Sierra Leone jest: islam
40%
W którym z tych państw jeździ się po lewej stronie? Pakistan
40%
Przez równik przechodzi... Somalia
40%
Ile stref czasowych ma Rosja? 9
20%
Dominującą religią w Timorze Wschodnim jest... chrześcijaństwo
20%
Które z tych państw jest największe? Ekwador
20%
Najlepszym krajem pod względem wskaźnika wolności prasy jest: Norwegia
0%
Nie znaleziono quizów pasujących do podanych kryteriów
Rozkład punktacji
Procent ludzi z każdym wynikiem
Percentyl według liczby udzielonych odpowiedzi
Twoja historia wyników
Nie rozwiązałeś tego quizu